|
|
|
|
| LEADER |
00000naa a2200000uu 4500 |
| 001 |
vtls010941955 |
| 003 |
SK-MaSNL |
| 005 |
20260302123259.0 |
| 008 |
210909|2006 xo |||||||||||||||||eng| |
| 015 |
|
|
|a SNBRA
|
| 035 |
|
|
|a (urnnbn)urn:nbn:sk:snk:ar-a0bchm
|
| 035 |
|
|
|a (uuid)1ac91b3d-d87f-48e9-b7e8-8c8df441d008
|
| 035 |
|
|
|a urn:nbn:sk:snk-aau4qv
|
| 040 |
|
|
|a SNKBUCL
|b slo
|c SNKBUCL
|e AACR2
|
| 041 |
0 |
|
|a eng
|
| 044 |
|
|
|a xo
|c SK
|
| 100 |
1 |
|
|a Piala, Jaroslav
|4 aut
|9 797565
|
| 245 |
1 |
0 |
|a THE INFLUENCE OF TRANSPORT INFRASTRUCTURE IN THE TOWN OF ŽILINA ON NOISE LEVELS CLOSE TO EDUCATIONAL INSTITUTIONS
|c Jaroslav Piala, Martin Decký
|
| 700 |
1 |
|
|a Decký, Martin,
|d 1967-
|4 aut
|9 193948
|
| 773 |
0 |
|
|t Regional Development and Transport Logistics
|d Of Žilina : Žilina University, 2006
|g S. 116-122
|z 8080706220
|
| 958 |
|
|
|a OND
|
| 958 |
|
|
|a article11
|
| 958 |
|
|
|a chapter
|
| 999 |
|
|
|c 1282213
|d 1284143
|